[Event "Titled Tuesday intern op 11th Feb Early"]
[Site "Chess.com INT"]
[Date "2025.02.11"]
[Round "1"]
[White "Karamsetty, Jeevan"]
[Black "Srivatsan, Karthikeyan"]
[Result "1-0"]
[WhiteElo "2244"]
[BlackElo "1851"]
[PlyCount "57"]
[EventDate "2025.02.11"]
[EventType "swiss (blitz)"]
[EventRounds "11"]
[EventCountry "USA"]
[SourceTitle "CB09_2025"]
[SourceDate "2025.02.27"]
[SourceVersion "1"]
[SourceVersionDate "2025.02.27"]
[SourceQuality "1"]

1. e4 e5 2. Nc3 Nc6 3. Nf3 Nf6 4. a4 a6 5. Bd3 Bc5 6. 0-0 d6 7. h3 0-0 8. Nd5 Nxd5 9. exd5 Ne7 10. Bc4 f5 11. d4 Bxd4 12. Nxd4 exd4 13. Re1 Ng6 14. Qxd4 Ne5 15. Bb3 Qf6 16. c3 f4 17. Re4 Bxh3 18. Bxf4 Qg6 19. Bg3 Rf3 20. Rxe5 Rxg3 21. fxg3 dxe5 22. Qxe5 Re8 23. Qxc7 Bxg2 24. d6+ Kh8 25. d7 Bc6 26. dxe8Q+ Bxe8 27. Rf1 h6 28. Rf8+ Kh7 29. Bg8+ 1-0

[Event "Titled Tuesday intern op 03rd Sep Early"]
[Site "Chess.com INT"]
[Date "2024.09.03"]
[Round "2"]
[White "Srivatsan, Karthikeyan"]
[Black "Barak, Gil"]
[Result "0-1"]
[WhiteElo "1851"]
[BlackElo "2156"]
[PlyCount "126"]
[EventDate "2024.09.03"]
[EventType "swiss (blitz)"]
[EventRounds "11"]
[EventCountry "USA"]
[SourceTitle "EXT 2025"]
[Source "ChessBase"]
[SourceDate "2024.10.14"]
[SourceVersion "1"]
[SourceVersionDate "2024.10.14"]
[SourceQuality "1"]

1. e4 e5 2. Nf3 Nc6 3. Bc4 Bc5 4. c3 Nf6 5. d3 d6 6. 0-0 a6 7. h3 Ba7 8. Be3 Bxe3 9. fxe3 0-0 10. Nbd2 Na5 11. Bb3 Nxb3 12. axb3 b5 13. b4 Re8 14. Qe1 c5 15. Qg3 cxb4 16. cxb4 Be6 17. Ng5 d5 18. Nxe6 Rxe6 19. Nb3 dxe4 20. Nc5 Rc6 21. dxe4 Qe7 22. Rf5 Nd7 23. Nxd7 Qxd7 24. Qxe5 Re8 25. Qd5 Rd6 26. Qb3 Rxe4 27. Raf1 Rde6 28. R1f3 g6 29. Rd5 Qc6 30. Qd3 Kg7 31. Rd7 Re7 32. Rxe7 Rxe7 33. Qd4+ Kg8 34. Qd8+ Re8 35. Qd4 Qe6 36. Kh2 h5 37. g4 hxg4 38. hxg4 Qe5+ 39. Qxe5 Rxe5 40. Kg3 Re4 41. Kh4 Rxb4 42. Rf2 Rb3 43. Re2 Kg7 44. e4 Kf6 45. e5+ Ke6 46. Kg5 Rb4 47. Kh4 a5 48. Kg5 a4 49. Kh4 Rb3 50. Kg5 b4 51. Rf2 Kxe5 52. Rxf7 Rxb2 53. Kxg6 a3 54. g5 a2 55. Ra7 b3 56. Kg7 Rg2 57. g6 Rg4 58. Kf7 b2 59. Rxa2 b1Q 60. Re2+ Kd4 61. g7 Qb7+ 62. Re7 Rxg7+ 63. Kxg7 Qxe7+ 0-1

[Event "Titled Tuesday intern op 27th Aug Early"]
[Site "Chess.com INT"]
[Date "2024.08.27"]
[Round "1"]
[White "Grutter, Tim"]
[Black "Srivatsan, Karthikeyan"]
[Result "1-0"]
[WhiteElo "2323"]
[BlackElo "1851"]
[PlyCount "27"]
[EventDate "2024.08.27"]
[EventType "swiss (blitz)"]
[EventRounds "11"]
[EventCountry "USA"]
[SourceTitle "EXT 2025"]
[Source "ChessBase"]
[SourceDate "2024.10.14"]
[SourceVersion "1"]
[SourceVersionDate "2024.10.14"]
[SourceQuality "1"]

1. c4 Nf6 2. Nc3 e6 3. e4 d5 4. e5 Nfd7 5. cxd5 exd5 6. d4 c5 7. Nf3 Nc6 8. dxc5 Ndxe5 9. Nxe5 Nxe5 10. Bb5+ Bd7 11. 0-0 Bxc5 12. Qxd5 Qc7 13. Bf4 f6 14. Bxd7+ 1-0

[Event "Abu Dhabi Masters Online"]
[Site "Chess.com INT"]
[Date "2024.08.21"]
[Round "3"]
[White "Paravyan, David"]
[Black "Srivatsan, Karthikeyan"]
[Result "1-0"]
[WhiteElo "2600"]
[BlackElo "1851"]
[PlyCount "83"]
[EventDate "2024.08.21"]
[EventType "swiss (blitz)"]
[EventRounds "11"]
[EventCountry "UAE"]
[SourceTitle "CBM 221 Extra"]
[Source "ChessBase"]
[SourceDate "2024.09.30"]
[SourceVersion "1"]
[SourceVersionDate "2024.09.30"]
[SourceQuality "1"]

1. e4 e5 2. Nf3 Nc6 3. Bc4 Bc5 4. d3 Nf6 5. c3 a6 6. 0-0 d6 7. Bb3 Ba7 8. Be3 Bxe3 9. fxe3 0-0 10. Nbd2 Be6 11. Bc2 d5 12. exd5 Nxd5 13. Qe1 f5 14. Nc4 Qf6 15. d4 exd4 16. exd4 Rae8 17. Nce5 Nxe5 18. Nxe5 f4 19. Qe4 g6 20. Rae1 c6 21. Bb3 Qf5 22. Qxf5 Rxf5 23. Nd3 g5 24. Nc5 Bf7 25. Rxe8+ Bxe8 26. Nxb7 Bf7 27. Nd6 Be6 28. Nxf5 Bxf5 29. Re1 Kg7 30. Re5 Kf6 31. Bxd5 cxd5 32. Rxd5 Be6 33. Ra5 Bc4 34. b3 Bd3 35. c4 g4 36. Rxa6+ Kf5 37. Ra7 Ke4 38. Rxh7 f3 39. gxf3+ gxf3 40. Kf2 Be2 41. Rh4+ Kd3 42. d5 1-0

[Event "Abu Dhabi Masters Online"]
[Site "Chess.com INT"]
[Date "2024.08.21"]
[Round "4"]
[White "Srivatsan, Karthikeyan"]
[Black "Tokat, Nehir"]
[Result "1-0"]
[WhiteElo "1851"]
[BlackElo "1892"]
[PlyCount "79"]
[EventDate "2024.08.21"]
[EventType "swiss (blitz)"]
[EventRounds "11"]
[EventCountry "UAE"]
[SourceTitle "CBM 221 Extra"]
[Source "ChessBase"]
[SourceDate "2024.09.30"]
[SourceVersion "1"]
[SourceVersionDate "2024.09.30"]
[SourceQuality "1"]

1. e4 c5 2. Nf3 Nc6 3. d4 cxd4 4. Nxd4 g6 5. c4 Nf6 6. Nc3 d6 7. Be2 Nxd4 8. Qxd4 Bg7 9. Qd3 a5 10. Be3 a4 11. f3 Qa5 12. 0-0 0-0 13. Rab1 Be6 14. Rfc1 Rfc8 15. b4 axb3 16. axb3 Nd7 17. Nd5 Bxd5 18. cxd5 Nc5 19. Qc4 Qa3 20. Bf2 Rcb8 21. b4 b5 22. Qc2 Nd7 23. Qc6 Ne5 24. Qc7 Bf6 25. Bd4 Nxf3+ 26. Bxf3 Bxd4+ 27. Kh1 Bf6 28. h3 Rc8 29. Qxc8+ Rxc8 30. Rxc8+ Kg7 31. Rc6 Qe3 32. Rbc1 Qd2 33. R6c2 Qxb4 34. Rc7 Qd2 35. R1c2 Qf4 36. Rb7 Qg3 37. Rc1 Be5 38. Kg1 Qh2+ 39. Kf2 Qh1 40. Rxh1 1-0

[Event "Abu Dhabi Masters Online"]
[Site "Chess.com INT"]
[Date "2024.08.21"]
[Round "2"]
[White "Srivatsan, Karthikeyan"]
[Black "Zirkelbach, Maj"]
[Result "0-1"]
[WhiteElo "1851"]
[BlackElo "2261"]
[PlyCount "86"]
[EventDate "2024.08.21"]
[EventType "swiss (blitz)"]
[EventRounds "11"]
[EventCountry "UAE"]
[SourceTitle "CBM 221 Extra"]
[Source "ChessBase"]
[SourceDate "2024.09.30"]
[SourceVersion "1"]
[SourceVersionDate "2024.09.30"]
[SourceQuality "1"]

1. e4 e5 2. Nf3 Nc6 3. Bc4 Nf6 4. d3 Be7 5. c3 d6 6. 0-0 Na5 7. Bb5+ c6 8. Ba4 b5 9. Bc2 0-0 10. Nbd2 c5 11. Re1 Nc6 12. Rf1 Kh8 13. Re1 Ng8 14. Nf1 f5 15. Ne3 f4 16. Nd5 Bg4 17. h3 Bh5 18. a4 b4 19. cxb4 Nd4 20. bxc5 dxc5 21. b3 Nxf3+ 22. gxf3 Bd6 23. Bb2 Qh4 24. Qe2 Qxh3 25. Qf1 Qxf1+ 26. Kxf1 Bxf3 27. Bd1 Bxd1 28. Rexd1 Nf6 29. Nxf6 Rxf6 30. Ba3 Rb8 31. Rab1 g5 32. Rdc1 Rd8 33. Bxc5 g4 34. Ke2 g3 35. fxg3 fxg3 36. Be3 Rg8 37. Rg1 a5 38. Rbc1 g2 39. Rc6 h5 40. Ra6 h4 41. Re1 h3 42. Bg1 Bb4 43. Rd1 Rxa6 0-1

[Event "Titled Tuesday intern op 20th Aug Early"]
[Site "Chess.com INT"]
[Date "2024.08.20"]
[Round "3"]
[White "Guo, Anni"]
[Black "Srivatsan, Karthikeyan"]
[Result "1-0"]
[WhiteElo "1860"]
[BlackElo "1851"]
[PlyCount "124"]
[EventDate "2024.08.20"]
[EventType "swiss (blitz)"]
[EventRounds "11"]
[EventCountry "USA"]
[SourceTitle "EXT 2025"]
[Source "ChessBase"]
[SourceDate "2024.10.14"]
[SourceVersion "1"]
[SourceVersionDate "2024.10.14"]
[SourceQuality "1"]

1. b3 Nf6 2. Bb2 d5 3. e3 c5 4. d4 Nc6 5. c4 dxc4 6. Bxc4 e6 7. Nf3 Be7 8. 0-0 0-0 9. Nbd2 a6 10. dxc5 Bxc5 11. Qc2 Ba7 12. Rad1 b5 13. Be2 Bb7 14. Nc4 Qe7 15. Nce5 Rac8 16. Qb1 Nb4 17. Ba3 Bc5 18. Bb2 Nbd5 19. Bd4 Bb4 20. Bb2 Rfd8 21. Rc1 Bc3 22. Rfd1 b4 23. e4 Nf4 24. Bc4 Bxe4 25. Qa1 Bd5 26. Bxa6 Ra8 27. Bf1 Bxb3 28. Rxd8+ Qxd8 29. Bxc3 bxc3 30. Rxc3 Bxa2 31. Qc1 N6d5 32. Rc5 h6 33. g3 Nh5 34. Nc6 Qd6 35. Nce5 Nhf6 36. Rc8+ Rxc8 37. Qxc8+ Kh7 38. Qc2+ g6 39. Qxa2 Kg7 40. Qa7 Ne7 41. Qd4 Qa3 42. Kg2 g5 43. Nd7 Ned5 44. Nfe5 h5 45. Nxf6 Nxf6 46. Nd7 Qe7 47. Nxf6 Qxf6 48. Qxf6+ Kxf6 49. Be2 Kg6 50. Kf3 f5 51. Ke3 e5 52. Bb5 h4 53. Be2 f4+ 54. Ke4 fxg3 55. fxg3 Kf6 56. g4 Ke6 57. Bc4+ Kd6 58. Kf5 Kc5 59. Bd3 Kd4 60. Bb1 Ke3 61. Kxg5 h3 62. Kh4 Kf3 1-0

[Event "Titled Tuesday intern op 06th Aug Early"]
[Site "Chess.com INT"]
[Date "2024.08.06"]
[Round "4"]
[White "Srivatsan, Karthikeyan"]
[Black "Hajiyev, Kanan"]
[Result "0-1"]
[WhiteElo "1851"]
[BlackElo "2109"]
[PlyCount "54"]
[EventDate "2024.08.06"]
[EventType "swiss (blitz)"]
[EventRounds "11"]
[EventCountry "USA"]
[SourceTitle "EXT 2025"]
[Source "ChessBase"]
[SourceDate "2024.10.14"]
[SourceVersion "1"]
[SourceVersionDate "2024.10.14"]
[SourceQuality "1"]

1. e4 c6 2. d4 d5 3. e5 a6 4. Nd2 Bf5 5. Nb3 e6 6. Nf3 c5 7. dxc5 Bxc5 8. Nxc5 Qa5+ 9. c3 Qxc5 10. Nd4 Ne7 11. Be3 Qc7 12. f4 Nbc6 13. Bd3 Nxd4 14. cxd4 0-0 15. 0-0 Rac8 16. Rc1 Qb6 17. b3 Qa5 18. a4 Qb4 19. Rxc8 Rxc8 20. g4 Bxd3 21. Qxd3 Rc3 22. Qd2 Qxb3 23. Rf3 Qb1+ 24. Rf1 Qb3 25. Rf3 Rd3 26. Qa5 Nc6 27. Qc7 h6 0-1

[Event "Titled Tuesday intern op 30th Jul Early"]
[Site "Chess.com INT"]
[Date "2024.07.30"]
[Round "1"]
[White "Srivatsan, Karthikeyan"]
[Black "Gordon, Frederick"]
[Result "1/2-1/2"]
[WhiteElo "1851"]
[BlackElo "2354"]
[PlyCount "108"]
[EventDate "2024.07.30"]
[EventType "swiss (blitz)"]
[EventRounds "11"]
[EventCountry "USA"]
[SourceTitle "EXT 2025"]
[Source "ChessBase"]
[SourceDate "2024.10.14"]
[SourceVersion "1"]
[SourceVersionDate "2024.10.14"]
[SourceQuality "1"]

1. e4 c5 2. Nf3 Nc6 3. d4 cxd4 4. Nxd4 Nf6 5. f3 e5 6. Nb5 d5 7. exd5 Nd4 8. Nxd4 exd4 9. Qxd4 Qc7 10. Bb5+ Bd7 11. Bxd7+ Kxd7 12. Nc3 Re8+ 13. Kd1 Bc5 14. Qa4+ Kc8 15. Bf4 Qb6 16. Qb3 Bb4 17. Qc4+ Kd8 18. Nb5 Qc5 19. Qxc5 Bxc5 20. c4 a6 21. Nd6 Bxd6 22. Bxd6 Kd7 23. Bb4 b5 24. b3 Rb8 25. Bc3 bxc4 26. Bxf6 gxf6 27. Re1 Rhc8 28. Re4 cxb3 29. axb3 Rxb3 30. Rxa6 Rd3+ 31. Ke2 Rxd5 32. Ra7+ Kd6 33. Rxf7 Rc2+ 34. Ke3 Rxg2 35. Rxf6+ Kc5 36. Rh6 Rd7 37. Re5+ Kc4 38. Rc6+ Kb4 39. h4 Rh2 40. Rh6 Kc4 41. Reh5 Rd3+ 42. Kf4 Rf2 43. Rxh7 Rdxf3+ 44. Kg4 Rf8 45. Rc7+ Kd4 46. Rhh7 Rg2+ 47. Kh3 Rg1 48. Rhf7 Rfg8 49. Rcd7+ Ke5 50. Rde7+ Kd6 51. Rd7+ Ke6 52. Rde7+ Kd6 53. Rd7+ Ke6 54. Rde7+ Kd6 1/2-1/2

[Event "Titled Tuesday intern op 23rd Jul Early"]
[Site "Chess.com INT"]
[Date "2024.07.23"]
[Round "1"]
[White "Florescu, Codrut Constantin"]
[Black "Srivatsan, Karthikeyan"]
[Result "1-0"]
[WhiteElo "2194"]
[BlackElo "1851"]
[PlyCount "103"]
[EventDate "2024.07.23"]
[EventType "swiss (blitz)"]
[EventRounds "11"]
[EventCountry "USA"]
[SourceTitle "EXT 2025"]
[Source "ChessBase"]
[SourceDate "2024.10.14"]
[SourceVersion "1"]
[SourceVersionDate "2024.10.14"]
[SourceQuality "1"]

1. d4 Nf6 2. Nf3 e6 3. c4 d5 4. Nc3 Bb4 5. Qa4+ Nc6 6. e3 0-0 7. Qc2 Ne4 8. Bd3 f5 9. 0-0 Bd6 10. a3 Ne7 11. c5 Bxc5 12. dxc5 Nxc5 13. Ne5 Qd6 14. f4 a6 15. Ne2 Nxd3 16. Qxd3 c5 17. b4 b6 18. Bb2 a5 19. bxc5 bxc5 20. Rf3 Ba6 21. Qc3 Bxe2 22. Rg3 d4 23. Qd2 Bh5 24. exd4 cxd4 25. Bxd4 Rad8 26. Nc6 Bg6 27. Nxd8 Rxd8 28. Rd3 Nd5 29. Be5 Qb6+ 30. Qf2 Qb5 31. Qd4 Rc8 32. Bxg7 Rc4 33. Qb2 Qc5+ 34. Bd4 Qc7 35. Be5 Qc5+ 36. Qf2 Qxf2+ 37. Kxf2 Nxf4 38. Rd2 Nd5 39. Rb1 Kf7 40. Rb7+ Ke8 41. Ra7 a4 42. Rb2 Rc8 43. Rbb7 f4 44. Rg7 Rc2+ 45. Ke1 Rc1+ 46. Kd2 Rc2+ 47. Kd1 Ne3+ 48. Ke1 Rc1+ 49. Ke2 Bh5+ 50. Kd3 Bg6+ 51. Rxg6 hxg6 52. Bxf4 1-0

[Event "Titled Tuesday intern op 25th Jun Early"]
[Site "Chess.com INT"]
[Date "2024.06.25"]
[Round "5"]
[White "Chincholimath, Halsagar"]
[Black "Srivatsan, Karthikeyan"]
[Result "1/2-1/2"]
[WhiteElo "1852"]
[BlackElo "1851"]
[PlyCount "112"]
[EventDate "2024.06.25"]
[EventType "swiss (blitz)"]
[EventRounds "11"]
[EventCountry "USA"]
[SourceTitle "EXT 2025"]
[Source "ChessBase"]
[SourceDate "2024.10.14"]
[SourceVersion "1"]
[SourceVersionDate "2024.10.14"]
[SourceQuality "1"]

1. d4 Nf6 2. c3 d5 3. Bf4 c5 4. e3 Nc6 5. Bd3 h6 6. Ne2 g5 7. Bg3 Bg7 8. 0-0 0-0 9. Nd2 cxd4 10. exd4 Nh5 11. Rc1 f5 12. f4 g4 13. Bh4 Nf6 14. Ng3 Ne4 15. Ndxe4 fxe4 16. Bc2 Qb6 17. f5 Qxb2 18. Qxg4 Qxc3 19. Nxe4 Qxd4+ 20. Nf2 Qxg4 21. Nxg4 h5 22. Ne3 Bd4 23. Rce1 Bb6 24. Kh1 Bxe3 25. Rxe3 Rf7 26. Bb3 Rxf5 27. Rxf5 Bxf5 28. Bxd5+ e6 29. Bxe6+ Bxe6 30. Rxe6 Kf7 31. Rh6 Re8 32. h3 Re2 33. Rxh5 Kg6 34. Rb5 b6 35. Rb3 Rxa2 36. Kh2 Nd4 37. Rg3+ Kf5 38. Bd8 b5 39. h4 b4 40. h5 b3 41. Rg5+ Kf4 42. Rg7 Ra6 43. Rb7 Ke3 44. Bf6 Rb6 45. Rxb6 axb6 46. h6 b2 47. h7 b1Q 48. h8Q Nf5 49. Qh3+ Kd2 50. Qf3 Qd3 51. Qf4+ Kd1 52. Bg5 b5 53. Qc1+ Ke2 54. Qf4 Kd1 55. Bf6 Ke2 56. Bg5 Kd1 1/2-1/2

[Event "Titled Tuesday intern op 04th Jun Early"]
[Site "Chess.com INT"]
[Date "2024.06.04"]
[Round "4"]
[White "Srivatsan, Karthikeyan"]
[Black "De Boer, Eelke"]
[Result "0-1"]
[WhiteElo "1851"]
[BlackElo "2384"]
[PlyCount "76"]
[EventDate "2024.06.04"]
[EventType "swiss (blitz)"]
[EventRounds "11"]
[EventCountry "USA"]
[SourceTitle "EXT 2025"]
[Source "ChessBase"]
[SourceDate "2024.10.14"]
[SourceVersion "1"]
[SourceVersionDate "2024.10.14"]
[SourceQuality "1"]

1. e4 c5 2. Nf3 e6 3. d4 cxd4 4. Nxd4 Nf6 5. f3 Nc6 6. c4 Nxe4 7. Nxc6 Qh4+ 8. g3 Nxg3 9. hxg3 Qxg3+ 10. Ke2 bxc6 11. Nc3 d5 12. cxd5 exd5 13. Qa4 Bd7 14. Bf4 Qg6 15. Kd2 Be7 16. Re1 Qf6 17. Rg1 d4 18. Ne2 c5 19. Qc2 0-0 20. Bg5 Qd6 21. Bxe7 Qxe7 22. Nf4 Qd6 23. Nd3 Rac8 24. Ne5 Be6 25. Bc4 Bxc4 26. Qxc4 Qh6+ 27. Kd1 Rc7 28. Qd3 Qf6 29. Qe4 h6 30. Ng4 Qa6 31. Qf4 Rc6 32. Ne5 Rf6 33. Qd2 Qxa2 34. Nd7 Qa1+ 35. Kc2 Qa4+ 36. Kb1 Qxd7 37. Rc1 Qf5+ 38. Ka1 Ra6+ 0-1

[Event "Titled Tuesday intern op 21st May Early"]
[Site "Chess.com INT"]
[Date "2024.05.21"]
[Round "2"]
[White "Baradaran Tamadon, Arian"]
[Black "Srivatsan, Karthikeyan"]
[Result "0-1"]
[WhiteElo "2304"]
[BlackElo "1839"]
[PlyCount "42"]
[EventDate "2024.05.21"]
[EventType "swiss (blitz)"]
[EventRounds "11"]
[EventCountry "USA"]
[SourceTitle "CBM 220 Extra"]
[Source "ChessBase"]
[SourceDate "2024.07.31"]
[SourceVersion "1"]
[SourceVersionDate "2024.07.31"]
[SourceQuality "1"]

1. Nf3 Nf6 2. g3 d5 3. Bg2 c5 4. 0-0 Nc6 5. a3 e5 6. d3 Be7 7. Nbd2 0-0 8. e4 dxe4 9. dxe4 Bg4 10. h3 Be6 11. Qe2 Qc7 12. c3 Rfd8 13. Rd1 Rd7 14. Nf1 Rad8 15. Rxd7 Qxd7 16. Ne1 Bxh3 17. Bg5 Bxg2 18. Kxg2 h6 19. Bxf6 Bxf6 20. Ne3 Qd2 21. Kf1 Qxe2+ 0-1

[Event "Titled Tuesday intern op 21st May Early"]
[Site "Chess.com INT"]
[Date "2024.05.21"]
[Round "3"]
[White "Srivatsan, Karthikeyan"]
[Black "Belov, Alexei"]
[Result "0-1"]
[WhiteElo "1839"]
[BlackElo "2421"]
[PlyCount "52"]
[EventDate "2024.05.21"]
[EventType "swiss (blitz)"]
[EventRounds "11"]
[EventCountry "USA"]
[SourceTitle "CBM 220 Extra"]
[Source "ChessBase"]
[SourceDate "2024.07.31"]
[SourceVersion "1"]
[SourceVersionDate "2024.07.31"]
[SourceQuality "1"]

1. e4 e6 2. d4 d5 3. exd5 exd5 4. Bd3 Nf6 5. Ne2 c5 6. c3 Nc6 7. 0-0 Be7 8. Bg5 c4 9. Bc2 0-0 10. Nd2 Re8 11. f4 Ng4 12. Bxe7 Qxe7 13. Ng3 Qe3+ 14. Kh1 Nf2+ 15. Rxf2 Qxf2 16. Ndf1 Qxf4 17. Qh5 g6 18. Qxd5 Be6 19. Qb5 Ne7 20. Re1 Nd5 21. Be4 Nf6 22. Bf3 h5 23. Ne2 Qd6 24. Neg3 Bd5 25. Rxe8+ Rxe8 26. Be2 h4 0-1

[Event "Titled Tuesday intern op 27th Feb Early"]
[Site "Chess.com INT"]
[Date "2024.02.27"]
[Round "1"]
[White "Arslanov, Shamil"]
[Black "Srivatsan, Karthikeyan"]
[Result "1-0"]
[WhiteElo "2410"]
[BlackElo "1695"]
[PlyCount "167"]
[EventDate "2024.02.27"]
[EventType "swiss (blitz)"]
[EventRounds "11"]
[EventCountry "USA"]
[SourceTitle "EXT 2025"]
[Source "ChessBase"]
[SourceDate "2024.10.14"]
[SourceVersion "1"]
[SourceVersionDate "2024.10.14"]
[SourceQuality "1"]

1. d4 Nf6 2. f3 d5 3. e4 dxe4 4. Nc3 exf3 5. Nxf3 Bg4 6. h3 Bxf3 7. Qxf3 c6 8. g4 e6 9. g5 Nd5 10. Bd3 g6 11. Ne4 Bg7 12. c3 0-0 13. h4 e5 14. Bd2 exd4 15. c4 f5 16. gxf6 Nxf6 17. 0-0-0 Nbd7 18. Qh3 Nxe4 19. Bxe4 Nc5 20. h5 Nxe4 21. Qe6+ Rf7 22. hxg6 hxg6 23. Qxe4 Qf6 24. Rdg1 Qf5 25. Qg2 Qd3 26. Qh2 Qxc4+ 27. Kb1 Qd3+ 28. Ka1 Re8 29. Qh7+ Kf8 30. Bc1 Qf5 31. Rxg6 Re5 32. Bh6 Bxh6 33. Qxh6+ Ke7 34. Rgg1 Qf6 35. Qh2 Qe6 36. Qd2 c5 37. Qc2 Kd7 38. Qa4+ Qc6 39. Qxa7 Rfe7 40. Qa5 b6 41. Qa7+ Kd6 42. Qb8+ Qc7 43. Qh8 Qb7 44. a3 b5 45. Rh6+ R5e6 46. Rhh1 b4 47. Qh2+ Kd7 48. Rb1 bxa3 49. bxa3 Rb6 50. Qa2 Rxb1+ 51. Rxb1 Qc6 52. Qb3 Re3 53. Qf7+ Kd6 54. Qf6+ Kc7 55. Qf7+ Qd7 56. Rb7+ Kxb7 57. Qxd7+ Kb6 58. Qd6+ Kb5 59. Kb2 Re2+ 60. Kb3 Re3+ 61. Kc2 Rxa3 62. Qd7+ Kc4 63. Qf7+ Kb4 64. Qe8 Rc3+ 65. Kd2 Ra3 66. Qb8+ Kc4 67. Qb2 Rb3 68. Qa2 Kb4 69. Kc2 Rc3+ 70. Kb2 Re3 71. Qf7 Re2+ 72. Kc1 Re3 73. Kd2 Ra3 74. Qb7+ Kc4 75. Ke2 Ra2+ 76. Kf3 Ra3+ 77. Ke2 Ra2+ 78. Kd1 Ra1+ 79. Kc2 Ra2+ 80. Kb1 Ra3 81. Kb2 Rc3 82. Qb6 d3 83. Qa6+ Kd4 84. Qf6+ 1-0